Statistiques concernant Géographie européenne par lettre - E

Cliquez ici pour prendre le quiz!

Statistiques générales

  • Ce quiz a été pris 764 fois
  • Le résultat moyen est 12 sur 20

Statistiques - réponses

indicerépondre% Correct
L'Angleterre en anglaisEngland
97%
Capitale de l'EcosseÉdimbourg
96%
Pays balteEstonie
96%
La tour la plus célèbre du monde?Eiffel
93%
Ville thermale des Alpes, connue pour l'eau en bouteilleÉvian-les-Bains
90%
Valladolid et Oviedo sont dans ce paysEspagne
89%
Volcan sicilienl'{Etna}
88%
Irlande, en irlandaisÉire
82%
Département en Île-de-FranceEssonne
77%
Espagne dans sa langue nationaleEspaña
71%
Monnaie de la Slovaquieeuro
71%
Un célèbre fromage originaire de cette ville néerlandaise{Edam}-Volendam
58%
Fleuve de Dresdel'{Elbe}
54%
Comté anglais et ancien royaume anglo-saxonEssex
45%
Ville près de Düsseldorf et de CologneEssen
39%
La plus haute montagne d'EuropeElbrouz
33%
Fleuve à 4 lettres qui traverse Saragossel'{Èbre}
30%
La plus grande compagnie aérienne du
Royaume-Uni par nombre de passagers
easyJet
19%
La 2ème plus grande île grecque après la Crètel’{Eubée}
13%
La plus grande ville complètement en Turquie européenneEdirne
6%

Distribution des résultats

Percentile par nombre de réponses

% des personnes avec chaque résultat

Votre développement - résultats

Vous n’avez pas pris ce quiz